| 000 | 00667nam a22002057a 4500 | ||
|---|---|---|---|
| 003 | OSt | ||
| 005 | 20250829032014.0 | ||
| 008 | 250829b |||||||| |||| 00| 0 eng d | ||
| 020 | _a0-8151-0562-2. | ||
| 040 |
_aDWCL-Admin lib _cOC |
||
| 082 | _aCirc. 610.73 B219c 1996 | ||
| 100 | _aBlazer Julia W. | ||
| 245 |
_aCommunication in nursing : communicating assertively and responsively in nursing : a guidebook _cJulia W. Blazer |
||
| 260 |
_bSt. Louis : _aMosby, _cc1996. |
||
| 300 |
_axxiii, 471 p. ; _c21 cm. |
||
| 504 | _aIncludes index. | ||
| 650 | _a1. Interpersonal Communication. | ||
| 650 | _a2. Nurse and Patient. | ||
| 942 |
_2ddc _cBK-CIRC _e3rd Ed. _kCirc. _n0 |
||
| 999 |
_c4324 _d4324 |
||